Literary Character by Quotation Quiz Stats

 Plays Quiz Updated Apr 5, 2013

Also try: Literary Surnames
Challenge
Share
Tweet
Embed
Score 0/18 Timer 07:00
1 Play Today
Quote Character % Correct
'If I could find a real-life place that made me feel like Tiffany's, then I'd buy some furniture and give the cat a name.'Holly Golightly
53.5%
'I believe that on the first night I went to Gatsby's house I was one of the few guests who had actually been invited. People were not invited - they went there.'Nick Carraway
48.4%
'Tomorrow I'll think of some way . . . after all, tomorrow is another day.'Scarlett O'Hara
42.3%
'You never really understand a person until you consider things from his point of view - until you climb into his skin and walk around in it.'Atticus Finch
36.6%
'It's really too bad that so much crumby stuff is a lot of fun sometimes.'Holden Caulfield
35.1%
'You place too much importance... on the so-called purity of blood! You fail to recognize that it matters not what someone is born, but what they grow to be”Albus Dumbledore
31%
'Many that live deserve death. And some that die deserve life. Can you give it to them? Then do not be too eager to deal out death in judgment. For even the wise cannot see all.Gandalf
27.2%
'Now I wish to introduce the following idea. Between the age limits of nine and fourteen there occur maidens who…reveal their true nature which is not human, but nymphic.'Humbert Humbert
23.8%
'What's the use you learning to do right, when it's troublesome to do right and ain't no trouble to do wrong, and the wages is just the same?'Huckleberry Finn
23.4%
Quote Character % Correct
'Six pints of bitter, and quickly please, the world’s about to end.”Ford Prefect
21%
'Four! five! Four! Anything you like. Only stop it, stop the pain!”Winston Smith
20.5%
'Marilla, isn't it nice to think that tomorrow is a new day with no mistakes in it yet?'Anne Shirley
18.2%
'We've got to have rules and obey them. After all, we're not savages. We're English, and the English are best at everything.'Jack
15.7%
'We're consumers. We are by-products of a lifestyle obsession. Murder, crime, poverty, these things don't concern me.'Tyler Durden
13.4%
'Don't underestimate the value of Doing Nothing, of just going along, listening to all the things you can't hear, and not bothering.”Winnie the Pooh
7.6%
'What makes the desert beautiful is that somewhere it hides a well.”The Little Prince
7.1%
“You often doubt if you really exist. You wonder whether you aren't simply a phantom in other people's minds.”The Invisible Man
3.5%
“Remember that wherever your heart is, there you will find your treasure. You've got to find the treasure, so that everything you have learned along the way can make sense.”Melchizedek or The Alchemist
2.2%

You're not logged in!

Compare scores with friends on all Sporcle quizzes.
OR
Log In

You Might Also Like...

Show Comments

Extras

Top Quizzes Today


Score Distribution

Your Account Isn't Verified!

In order to create a playlist on Sporcle, you need to verify the email address you used during registration. Go to your Sporcle Settings to finish the process.

Report this User

Report this user for behavior that violates our Community Guidelines.

Details: